| 000 | 00436nam a2200145 i 4500 | ||
|---|---|---|---|
| 001 | 26472 | ||
| 003 | ES-MaACL | ||
| 007 | t| | ||
| 008 | 030109s1954 sp ||||1| spa d | ||
| 100 | 1 |
_aArozena Wood, Pedro. _923182 |
|
| 245 | 1 | 0 |
_aElegĂas _b: poemas / _cPedro Arozena Wood. |
| 260 |
_a[S.l. : _bs.n., _cs.a] ( _eLas Palmas de Gran Canaria : _fImp. Ortega, _g1954) |
||
| 300 |
_a102 p. ; _c18 cm. |
||
| 852 |
_aES-MaACL _jC-8864 _bR.36528 |
||
| 999 |
_c26472 _d26472 |
||